<?xml version="1.0" encoding="UTF-8"?>
<record
    xmlns:xsi="http://www.w3.org/2001/XMLSchema-instance"
    xsi:schemaLocation="http://www.loc.gov/MARC21/slim http://www.loc.gov/standards/marcxml/schema/MARC21slim.xsd"
    xmlns="http://www.loc.gov/MARC21/slim">

  <leader>00770nam a22001337a 4500</leader>
  <datafield tag="040" ind1=" " ind2=" ">
    <subfield code="c">RUA</subfield>
  </datafield>
  <datafield tag="082" ind1=" " ind2=" ">
    <subfield code="a">VEM THA 2014 B517 Or.1 </subfield>
  </datafield>
  <datafield tag="100" ind1=" " ind2=" ">
    <subfield code="a">THACH SAMNAN; &#x1790;&#x17B6;&#x1785;&#x17CB; &#x179F;&#x17C6;&#x178E;&#x17B6;&#x1784;</subfield>
  </datafield>
  <datafield tag="245" ind1=" " ind2=" ">
    <subfield code="a">Effect of pyrantel and albendazole on parasite toxocara vitulorum in calves and buffaloes calves in svay teab district, svay rieng province, &#x1794;&#x17D2;&#x179A;&#x179F;&#x17B7;&#x1791;&#x17D2;&#x1791;&#x1797;&#x17B6;&#x1796;PYRANTEL &#x1793;&#x17B7;&#x1784; ALBENDAZOLE &#x179B;&#x17BE;&#x179C;&#x178F;&#x17D2;&#x178F;&#x1798;&#x17B6;&#x1793;&#x1794;&#x179A;&#x17B6;&#x179F;&#x17B7;&#x178F; TOXOCARA VITULORUM &#x1791;&#x17C5;&#x179B;&#x17BE;&#x1780;&#x17BC;&#x1793;&#x1782;&#x17C4; &#x1780;&#x17D2;&#x179A;&#x1794;&#x17B8;&#x179F;&#x17D2;&#x179A;&#x17BB;&#x1780;&#x179F;&#x17D2;&#x179C;&#x17B6;&#x1799;&#x1791;&#x17B6;&#x1794; &#x1781;&#x17C1;&#x178F;&#x17D2;&#x178F;&#x179F;&#x17D2;&#x179C;&#x17B6;&#x1799;&#x179A;&#x17C0;&#x1784;</subfield>
  </datafield>
  <datafield tag="260" ind1=" " ind2=" ">
    <subfield code="a">RUA</subfield>
    <subfield code="b">THA</subfield>
    <subfield code="c">2014</subfield>
  </datafield>
  <datafield tag="300" ind1=" " ind2=" ">
    <subfield code="a">xi,35p.</subfield>
    <subfield code="b">ill.</subfield>
    <subfield code="c">29cm.</subfield>
  </datafield>
  <datafield tag="856" ind1=" " ind2=" ">
    <subfield code="u">https://drive.google.com/file/d/1gFI1jeKJGIoKPR_ELrB_t7OMGniI8Mhm/view?usp=sharing</subfield>
  </datafield>
  <datafield tag="942" ind1=" " ind2=" ">
    <subfield code="c">VEM</subfield>
  </datafield>
  <datafield tag="999" ind1=" " ind2=" ">
    <subfield code="c">10556</subfield>
    <subfield code="d">10556</subfield>
  </datafield>
  <datafield tag="952" ind1=" " ind2=" ">
    <subfield code="0">0</subfield>
    <subfield code="1">0</subfield>
    <subfield code="2">ddc</subfield>
    <subfield code="4">0</subfield>
    <subfield code="6">VEM_THA_2014_000000000000000_B517_OR_1</subfield>
    <subfield code="7">0</subfield>
    <subfield code="9">54547</subfield>
    <subfield code="a">LBB</subfield>
    <subfield code="b">LBB</subfield>
    <subfield code="c">B517</subfield>
    <subfield code="d">2016-10-27</subfield>
    <subfield code="o">VEM THA 2014 B517 Or.1</subfield>
    <subfield code="p">A00764</subfield>
    <subfield code="r">2016-10-27</subfield>
    <subfield code="w">2016-10-27</subfield>
    <subfield code="y">VEM</subfield>
  </datafield>
  <datafield tag="952" ind1=" " ind2=" ">
    <subfield code="0">0</subfield>
    <subfield code="1">0</subfield>
    <subfield code="2">ddc</subfield>
    <subfield code="4">0</subfield>
    <subfield code="6">VEM_THA_2014_000000000000000_B517_OR_2</subfield>
    <subfield code="7">0</subfield>
    <subfield code="9">54548</subfield>
    <subfield code="a">LBB</subfield>
    <subfield code="b">LBB</subfield>
    <subfield code="c">B517</subfield>
    <subfield code="d">2016-10-27</subfield>
    <subfield code="o">VEM THA 2014 B517 Or.2</subfield>
    <subfield code="p">A02248</subfield>
    <subfield code="r">2016-10-27</subfield>
    <subfield code="w">2016-10-27</subfield>
    <subfield code="y">VEM</subfield>
  </datafield>
  <datafield tag="952" ind1=" " ind2=" ">
    <subfield code="0">0</subfield>
    <subfield code="1">0</subfield>
    <subfield code="2">ddc</subfield>
    <subfield code="4">0</subfield>
    <subfield code="6">VEM_THA_2014_000000000000000_B517_OR_3</subfield>
    <subfield code="7">0</subfield>
    <subfield code="9">54549</subfield>
    <subfield code="a">LBB</subfield>
    <subfield code="b">LBB</subfield>
    <subfield code="c">B517</subfield>
    <subfield code="d">2016-10-27</subfield>
    <subfield code="o">VEM THA 2014 B517 Or.3</subfield>
    <subfield code="p">A01129</subfield>
    <subfield code="r">2016-10-27</subfield>
    <subfield code="w">2016-10-27</subfield>
    <subfield code="y">VEM</subfield>
  </datafield>
  <datafield tag="952" ind1=" " ind2=" ">
    <subfield code="0">0</subfield>
    <subfield code="1">0</subfield>
    <subfield code="2">ddc</subfield>
    <subfield code="4">0</subfield>
    <subfield code="6">VEM_THA_2014_000000000000000_B517_OR_4</subfield>
    <subfield code="7">0</subfield>
    <subfield code="9">54550</subfield>
    <subfield code="a">LBB</subfield>
    <subfield code="b">LBB</subfield>
    <subfield code="c">B517</subfield>
    <subfield code="d">2016-10-27</subfield>
    <subfield code="o">VEM THA 2014 B517 Or.4</subfield>
    <subfield code="p">A02831</subfield>
    <subfield code="r">2016-10-27</subfield>
    <subfield code="w">2016-10-27</subfield>
    <subfield code="y">VEM</subfield>
  </datafield>
  <datafield tag="952" ind1=" " ind2=" ">
    <subfield code="0">0</subfield>
    <subfield code="1">0</subfield>
    <subfield code="2">ddc</subfield>
    <subfield code="4">0</subfield>
    <subfield code="6">VEM_THA_2014_000000000000000_B517_OR_5</subfield>
    <subfield code="7">0</subfield>
    <subfield code="9">54551</subfield>
    <subfield code="a">LBB</subfield>
    <subfield code="b">LBB</subfield>
    <subfield code="c">B517</subfield>
    <subfield code="d">2016-10-27</subfield>
    <subfield code="o">VEM THA 2014 B517 Or.5</subfield>
    <subfield code="p">A02420</subfield>
    <subfield code="r">2016-10-27</subfield>
    <subfield code="w">2016-10-27</subfield>
    <subfield code="y">VEM</subfield>
  </datafield>
  <datafield tag="952" ind1=" " ind2=" ">
    <subfield code="0">0</subfield>
    <subfield code="1">0</subfield>
    <subfield code="2">ddc</subfield>
    <subfield code="4">0</subfield>
    <subfield code="6">VEM_THA_2014_000000000000000_B517_OR_6</subfield>
    <subfield code="7">0</subfield>
    <subfield code="9">54552</subfield>
    <subfield code="a">LBB</subfield>
    <subfield code="b">LBB</subfield>
    <subfield code="c">B517</subfield>
    <subfield code="d">2016-10-27</subfield>
    <subfield code="o">VEM THA 2014 B517 Or.6</subfield>
    <subfield code="p">A01636</subfield>
    <subfield code="r">2016-10-27</subfield>
    <subfield code="w">2016-10-27</subfield>
    <subfield code="y">VEM</subfield>
  </datafield>
  <datafield tag="952" ind1=" " ind2=" ">
    <subfield code="0">0</subfield>
    <subfield code="1">0</subfield>
    <subfield code="2">ddc</subfield>
    <subfield code="4">0</subfield>
    <subfield code="6">VEM_THA_2014_000000000000000_B517_OR_7</subfield>
    <subfield code="7">0</subfield>
    <subfield code="9">54553</subfield>
    <subfield code="a">LBB</subfield>
    <subfield code="b">LBB</subfield>
    <subfield code="c">B517</subfield>
    <subfield code="d">2016-10-27</subfield>
    <subfield code="o">VEM THA 2014 B517 Or.7</subfield>
    <subfield code="p">A02572</subfield>
    <subfield code="r">2016-10-27</subfield>
    <subfield code="w">2016-10-27</subfield>
    <subfield code="y">VEM</subfield>
  </datafield>
  <datafield tag="952" ind1=" " ind2=" ">
    <subfield code="0">0</subfield>
    <subfield code="1">0</subfield>
    <subfield code="2">ddc</subfield>
    <subfield code="4">0</subfield>
    <subfield code="6">VEM_THA_2014_000000000000000_B517_OR_8</subfield>
    <subfield code="7">0</subfield>
    <subfield code="9">54554</subfield>
    <subfield code="a">LBB</subfield>
    <subfield code="b">LBB</subfield>
    <subfield code="c">B517</subfield>
    <subfield code="d">2016-10-27</subfield>
    <subfield code="o">VEM THA 2014 B517 Or.8</subfield>
    <subfield code="p">A01917</subfield>
    <subfield code="r">2016-10-27</subfield>
    <subfield code="w">2016-10-27</subfield>
    <subfield code="y">VEM</subfield>
  </datafield>
</record>
